00685nam a2200229Ia 450000500170000000800410001702000150005808200210007324500600009426000640015430000120021865000150023065000100024565000160025565000110027165000120028270000190029470000240031394200060033795200970034399900150044020250217060553.0240331s9999 xx 000 0 und d a0761933875 bFAI21948a305.4 0aWomen, Security, South Asia:bA Clearing in the Thicket aNew Delhi;aThousand Oaks;aLondonbSAGE Publicationsc2005 a215 p., aSouth Asia aWomen aMarginality aGender aSociety aFaizal, Feedt aRajagopalan, Seedt cL 001040708LaWERCLbWERCLcSSCd2024-03-31l0o 305.4 WOMp1948r2024-03-31w2024-03-31yL c1728d1728